000 00949 a2200241 4500
999 _c2063
_d2063
020 _a9781412977760 (pbk.)
020 _a1412977762 (pbk.)
050 0 0 _aHF5385 HUN 2011
100 1 _aHunt, James M.
_eauthor
245 1 4 _aThe coaching manager :
_bdeveloping top talent in business /
_cJames M. Hunt, Joseph R. Weintraub.
250 _a2nd ed.
264 _aLondon
_bSage Publications
_c2011
300 _axix, 304 p. :
_bill. ;
500 _aIncludes index
504 _aIncludes bibliographical references (p. 291-296)
650 0 _aMentoring in business.
650 0 _aExecutives
_xTraining of.
650 0 _aLeadership.
650 0 _aManagement.
700 1 _aWeintraub, Joseph R.
_eauthor
942 _2lcc
_cBK
_e2nd ed.
_h5385
_iHUN
_kHF